John Blyth - Julian Evans - William E. S. Mutch - Caroline Sidwell: Farm Woodband Management (Hospodárstvo poľnohospodárskych lesov.)

Bibliographic Details
Main Author: Supuka, Ján, 1944- (Author)
Format: Article
Language:Slovak
Subjects:

MARC

LEADER 00000nab a2200000 a 4500
001 vtls000445581
003 SK-MaSNL
005 20260304080601.0
008 250424c1991 xo 0 slo
015 |a SNBRB19rr/mm-uuuuu 
035 |a CL0445711 
035 |a urn:nbn:sk:snk-abak6 
035 |a (urnnbn)urn:nbn:sk:snk:ar-0058sl 
035 |a (uuid)00fd7e60-b5e6-4dc3-8454-bab32692ed6c 
040 |a SNKBUCL  |b slo  |c SNKBUCL  |e AACR2 
041 0 |a slo 
044 |a xo  |c SK 
080 |a 630 26:712.24  |2 1981 
080 |a 712.24  |2 1981 
100 1 |a Supuka, Ján,  |d 1944-  |4 aut  |9 115500 
245 1 0 |a John Blyth - Julian Evans - William E. S. Mutch - Caroline Sidwell: Farm Woodband Management  |b (Hospodárstvo poľnohospodárskych lesov.)  |c Ján Supuka 
650 0 7 |a krajina poľnohospodárska  |2 snkbucl  |9 839022 
650 0 7 |a zeleň  |2 snkbucl  |9 29748 
650 0 7 |a lesy hospodárske  |2 snkbucl  |9 987910 
655 7 |a články z novín a časopisov  |2 snkbucl  |9 267496 
773 0 |t Lesnícky časopis  |g Roč. 37, č. 5 (1991), s. 419-420 
787 0 8 |i Rec.:  |t Farm Woodland. Management  |d Ipswich, Suffolk : Farming Press Limited, 1987 
850 |a Slovenská národná knižnica 
852 |a Slovenská národná knižnica 
954 |a odborná, vedecká literatúra pôvodná (slovenská)  |2 lita 
958 |a article2022 
958 |a OND 
958 |a RK 
958 |a EUIPO 
992 |a RBX 
999 |c 2787220  |d 2789150